終疆 . 末世流星雨 . 1

資料類型: Book 圖書   書目號:51733

Leader xxxxxxxxxx
001 __ 102496/6/01
005 __ 20171120175620.228
010 0_ |a978-957-803-914-8|b第1冊 : 平裝|d新臺幣249元
042 __ |anbic
100 __ |a20171120d2014    m  y0chiy50      e
101 0_ |achi
102 __ |atw
105 __ |aaf  z   000ay
200 1_ |a終疆|h1|i末世流星雨|f御我著|g午零繪
205 __ |a初版
210 __ |a臺北市|c平裝本|d2014[民103]
215 0_ |a270面|c|d21公分
225 12 |a御我作品
225 12 |a平裝本叢書|v第398種
606 __ |2csh|a長篇小說
681 __ |a857.7|b875 v.1
700 _0 |a御我|4702 _0 |a午零|4801 _0 |atw|bLibDipper|c20171120|gCCR
詳細館藏(共 1 筆)
索 書 號登 錄 號冊次號館別 / 館藏地流通類型狀態加入預約清單電子資源
857.7 / 875 1024966 v.1 圖書館 / 一樓輕小說專區 可外借30天 在館   

| 條列資料




目錄查詢 分類查詢 個人資料 圖書薦購 新書查詢 閉館日 排行榜 更多電子資源 Hami書城 線上資料庫 登出

From : 216.73.217.87

  本日流通累計至 15:19:01 借閱 : 13 次 續借 : 0 次 歸還 : 10 次 預約 : 0 次 電子資源 : 0 次


內湖高中圖書館  PCLIS 版本  26.5.0.12